Normal view
MARC view
- Panko, R. R
Entry Personal Name
001 - CONTROL NUMBER
- control field: 100074
003 - CONTROL NUMBER IDENTIFIER
- control field: NUST
005 - DATE AND TIME OF LATEST TRANSACTION
- control field: 20221012184734.0
008 - FIXED-LENGTH DATA ELEMENTS
- fixed length control field: 221012|| aca||aabn | a|a d
040 ## - CATALOGING SOURCE
- Original cataloging agency: NUST
- Transcribing agency: NUST
100 ## - HEADING--PERSONAL NAME
- Personal name: Panko, R. R
670 ## - SOURCE DATA FOUND
- Source citation: Work cat.: (NUST)176377: Panko, R. R., Business data networks and telecommumnications /, c2003.
